PWHL Teams - Statistics

General Stats
  • This quiz has been taken 225 times
    115 since last reset
  • The average score is 7 of 8
Answer Stats
Answer % Correct
Minnesota Frost
88%
Montreal Victoire
88%
Boston Fleet
86%
New York Sirens
85%
Ottawa Charge
85%
Toronto Sceptres
79%
Vancouver Goldeneyes
75%
Seattle Torrent
68%
No matching quizzes found
Score Distribution
Percent of People with Each Score
Percentile by Number Answered
Your Score History
You have not taken this quiz since the last reset